| 000 | 01088nam0a2200301 4500 | ||
|---|---|---|---|
| 001 | RU\NLR\bibl\11153 | ||
| 005 | 20260409065042.0 | ||
| 010 |
_a5-7990-0086-2 _915000 |
||
| 021 |
_aRU _b98-24359 _91158 |
||
| 035 | _a(NLR Aleph) 000010875 | ||
| 090 |
_a37402 _c37402 |
||
| 100 | _a19981201d1998 |||y0rusy50 ca | ||
| 101 | 0 | _arus | |
| 102 | _aRU | ||
| 105 | _ay ||||||||| | ||
| 200 | 1 |
_aОбразцы документов по делопроизводству _eРуководство к сост. по новому стандарту ГОСТ Р 6.30-97 _f[Стенюков М.В.] |
|
| 210 |
_aМ. _cПРИОР _d1998 |
||
| 215 |
_a95 с. _d20 |
||
| 300 | _aНа обл. авт.: Стенюков М.В. | ||
| 606 |
_aДелопроизводство _jИнструкции _3RU\NLR\auth\667271 _9900603 |
||
| 686 | _aУ21(2)286я8 | ||
| 702 | 1 |
_4220 _8rus _7ca _aСтенберг _bД. _gДик _3RU\NLR\auth\7753930 _936862 |
|
| 801 | 0 |
_aRU _bRKP _c19981201 _gPSBO |
|
| 801 | 1 |
_aRU _bRKP _c19981201 |
|
| 801 | 2 |
_aRU _bNLR _c20080605 _grcr |
|
| 852 |
_aNLR _j98-5/2447 |
||
| 942 | _cBOOK | ||
| 980 | _aNB | ||